| 000 | 01063 a2200217 4500 | ||
|---|---|---|---|
| 001 | 59433 | ||
| 005 | 20260407155848.0 | ||
| 008 | 260407a1995 arg spa d | ||
| 003 | AR-UNSa-BCEJYS | ||
| 040 |
_aAR-UNSa-BCEJYS _bspa _cAR-UNSa-BCEJYS |
||
| 080 |
_a330(82) _xEconomia Argentina |
||
| 245 | 1 | 0 | _aEl nuevo look de la economía argentina |
| 020 | _a950-43-6425-X | ||
| 264 | 1 |
_aBuenos Aires : _bCrespillo _c1995 |
|
| 300 |
_axviii, 220 p. _c22 cm. |
||
| 505 | _a1. Argentina: ¿De golpe primer mundo? - 2. Los “saltos” del producto bruto interno – 3. La economía informal y las nuevas cifras del producto bruto – 4. La historia actual de los productos sectoriales – 5. Los cambios de cifras y la estructura sectorial – 6. ¿Qué paso con la oferta y la demanda agregada? – 7. Nuestros nuevos rasgos y perfil internacional – 8. Comparando kimonos con yerba mate – 9. Reflexiones sobre el pasado y sus visiones | ||
| 041 | _aspa | ||
| 942 | _cBK | ||
| 590 | _aniveau_biblio:m niveau_hierar:0 | ||
| 100 | 1 | _aDagnino Pastore, José María | |
| 999 |
_c6687 _d6687 |
||